|
|
|
|
| LEADER |
01092nab a2200313 i 4500 |
| 001 |
publ17841 |
| 005 |
20200626161923.0 |
| 008 |
200110s2020 hu o 0|| zxx d |
| 022 |
|
|
|a 1219-4956
|
| 024 |
7 |
|
|a 10.1007/s12253-019-00757-3
|2 doi
|
| 024 |
7 |
|
|a 31183591
|2 mtmt
|
| 040 |
|
|
|a SZTE Publicatio Repozitórium
|b hun
|
| 041 |
|
|
|a zxx
|
| 100 |
1 |
|
|a Somorácz Áron
|
| 245 |
1 |
0 |
|a Renal Cell Carcinoma with Clear Cell Papillary Features
|h [elektronikus dokumentum] :
|b Perspectives of a Differential Diagnosis /
|c Somorácz Áron
|
| 260 |
|
|
|c 2020
|
| 300 |
|
|
|a 1767-1776
|
| 490 |
0 |
|
|a PATHOLOGY AND ONCOLOGY RESEARCH
|v 26
|
| 700 |
0 |
1 |
|a Kuthi Levente
|e aut
|
| 700 |
0 |
1 |
|a Micsik Tamás
|e aut
|
| 700 |
0 |
1 |
|a Jenei Alex
|e aut
|
| 700 |
0 |
1 |
|a Hajdú Adrienn
|e aut
|
| 700 |
0 |
1 |
|a Vrabély Brigitta
|e aut
|
| 700 |
0 |
1 |
|a Rásó Erzsébet
|e aut
|
| 700 |
0 |
1 |
|a Sápi Zoltán
|e aut
|
| 700 |
0 |
1 |
|a Bajory Zoltán
|e aut
|
| 700 |
0 |
1 |
|a Kulka Janina
|e aut
|
| 700 |
0 |
1 |
|a Iványi Béla
|e aut
|
| 856 |
4 |
0 |
|u http://publicatio.bibl.u-szeged.hu/17841/1/Somoracz2019_Article_RenalCellCarcinomaWithClearCel.pdf
|z Dokumentum-elérés
|